[Event "Noisy le Grand-D 1st"]
[Site "Noisy le Grand"]
[Date "2008.12.27"]
[Round "2"]
[White "Quinqueneau, Dylan"]
[Black "Kieffer, Anatole"]
[Result "0-1"]
[WhiteElo "1580"]
[BlackElo "1500"]
[PlyCount "118"]
[EventDate "2008.12.26"]
[EventType "tourn"]
[EventRounds "5"]
[EventCountry "FRA"]
[SourceTitle "EXT 2010"]
[Source "ChessBase"]
[SourceDate "2010.11.25"]
[SourceVersion "1"]
[SourceVersionDate "2010.11.25"]
[SourceQuality "1"]

1. e4 e6 2. d4 d5 3. Be3 Bd6 4. e5 Be7 5. Bd3 Nc6 6. Nf3 f6 7. c3 Bd7 8. 0-0 fxe5 9. Nxe5 Nf6 10. Nxd7 Qxd7 11. Nd2 0-0 12. Re1 e5 13. Bb5 e4 14. c4 a6 15. Ba4 dxc4 16. Bxc6 Qxc6 17. Qc2 b5 18. Rac1 Qd6 19. b3 cxb3 20. Nxb3 Rac8 21. Nc5 Qc6 22. Qb3+ Kh8 23. Ne6 Qd7 24. Nxf8 Rxf8 25. Bg5 Qd6 26. Bxf6 Qxf6 27. Qe3 Bd6 28. h3 Bf4 29. Qe2 Bxc1 30. Rxc1 Qxd4 31. Rd1 Qe5 32. f3 e3 33. Rd3 Re8 34. Ra3 Qe6 35. Rc3 Qb6 36. Rb3 Qa7 37. Kf1 Qc5 38. Rd3 h6 39. g3 Qf5 40. g4 Qf4 41. Kg2 c5 42. Rd7 c4 43. Qb2 Qg5 44. Rd1 Qh4 45. Qe2 Qg5 46. Kg3 Rf8 47. Re1 Qf4+ 48. Kg2 Re8 49. h4 h5 50. Kh3 g5 51. hxg5 hxg4+ 52. fxg4 Qxg5 53. Rh1 Kg8 54. Kg3 Qe5+ 55. Kh3 Kg7 56. Rf1 Rh8+ 57. Kg2 Qh2+ 58. Kf3 Rh3+ 59. Ke4 Qxe2 0-1